000 00701nam a2200217Ii 4500
001 14389
003 CO-ViMGA
008 241108s9999||||xx |||||||||||||| ||und||
020 _a9588225884
040 _aCO-ViMGA
_bspa
_erda
_cCO-ViMGA
041 0 _aspa
082 0 4 _a340.092 T61g
100 1 _aNatalia Tobón Franco
_950755
245 1 0 _aGerencia jurídica y resposabiliadad profesional:
_benfoque nacional e internacional
264 1 _aBogotá, Colombia : Centro Editorial Universidad del Rosario, 2006
300 _avolumen
336 _atext
_btxt
_2rdacontent
337 _aunmediated
_bn
_2rdamedia
338 _avolume
_bnc
_2rdacarrier
940 _aidficha_siabuc: 14085. -- ficha_no_siabuc:14389
999 _c45447
_d45447